00418nam a2200157 a 450000100060000000300090000600800410001502000150005604000280007108200100009910000120010924500580012126000360017930000090021565000360022419335CO-ViMGA141112s2004 ck r 000 u spa d a842610777X aCO-ViMGAbspacCO-ViMGA04aHERci1 aHerge, 10aLas Aventuras de Tintin : bLos cigarros del faraón aBarcelona : bEd. Juventud;1990 a62 p14aCUENTOS INFANTILES DE AVENTURAS